| 000 | 00429nam a2200157Ia 4500 | ||
|---|---|---|---|
| 008 | 220204s9999 xx 000 0 und d | ||
| 020 | _a9789400792807 | ||
| 082 |
_a330.366 _bMOR |
||
| 100 | _aMc Namara, Nora | ||
| 245 | 0 | _aSustainable livelihood approach: A critique of theory and practice | |
| 260 |
_aDordrechit _bSpringer _c2013 |
||
| 300 | _a190p. | ||
| 650 | _aSustainability | ||
| 700 | _aMorse, Stephen | ||
| 942 | _cBK | ||
| 999 |
_c43228 _d43228 |
||